| 000 | 01050nam2a22002411 4500 | ||
|---|---|---|---|
| 001 | rc\2189128 | ||
| 005 | 20250623000558.0 | ||
| 035 | _a(NLR Aleph) 006483943 | ||
| 090 |
_a6062564 _c6062564 |
||
| 100 | _a20110829d1979 |||y0rusy50 ca | ||
| 101 | 0 | _arus | |
| 102 | _aRU | ||
| 105 | _ay z ||||| | ||
| 200 | 0 |
_a... июнь 1978 г. _f[Сост. Л. Домнич |
|
| 210 |
_d1979] _aБ. м. |
||
| 215 | _a8 л. | ||
| 461 | 0 |
_1001rc\2189127 _12001#$aМатематическое обеспечение ЕС ЭВМ$eАннот. указ. лит. ...$fРесп. информ.-вычисл. центр М-ва связи УССР$v... июнь 1978 г. _96062558 _c[Киев] _d[1979] _fРесп. информ.-вычисл. центр М-ва связи УССР _nБ. и. _oАннот. указ. лит. ... _tМатематическое обеспечение ЕС ЭВМ _v... июнь 1978 г. |
|
| 702 | 1 |
_aДымнич _bЛ. _4220 |
|
| 801 | 0 |
_aRU _bNLR _gpsbo |
|
| 801 | 1 |
_aRU _bELAR _2rusmarc |
|
| 852 |
_aNLR _jС315-420/М34 |
||
| 942 | _cBOOK | ||
| 980 | _aNB | ||